[Event "Muensterland Verbandsliga 2526"]
[Site "Germany"]
[Date "2026.05.16"]
[Round "9"]
[Board "2"]
[White "Bahr, Maximilian"]
[Black "Hanewinkel, Martin"]
[Result "1/2-1/2"]
[WhiteElo "1772"]
[BlackElo "1865"]
[WhiteFideId "-1"]
[BlackFideId "-1"]
[PlyCount "24"]
[GameId "2317645567640138"]
[EventDate "2025.??.??"]
[EventType "team-tourn"]
[EventRounds "9"]
[EventCountry "GER"]
[SourceTitle "Verband Muensterland"]
[SourceDate "2025.11.13"]
[SourceVersion "1"]
[SourceVersionDate "2025.11.13"]
[SourceQuality "1"]
[WhiteTeam "Nienberge II"]
[BlackTeam "Beelen"]
[WhiteTeamCountry "GER"]
[BlackTeamCountry "GER"]

1. e4 c5 2. Nc3 e6 3. Nf3 a6 4. d4 cxd4 5. Nxd4 Qc7 6. Bd3 Nf6 7. O-O Nc6 8. Be3 h5 9. h3 b5 10. Nxc6 dxc6 11. Ne2 Bb7 12. f3 Rd8 1/2-1/2

[Event "Muensterland Verbandsliga 2526"]
[Site "Germany"]
[Date "2026.05.16"]
[Round "9"]
[Board "3"]
[White "Hofene, Josef"]
[Black "Wilmes, Niklas"]
[Result "0-1"]
[WhiteElo "1798"]
[BlackElo "1749"]
[WhiteFideId "-1"]
[BlackFideId "-1"]
[PlyCount "76"]
[GameId "2317645567640140"]
[EventDate "2025.??.??"]
[EventType "team-tourn"]
[EventRounds "9"]
[EventCountry "GER"]
[SourceTitle "Verband Muensterland"]
[SourceDate "2025.11.13"]
[SourceVersion "1"]
[SourceVersionDate "2025.11.13"]
[SourceQuality "1"]
[WhiteTeam "Beelen"]
[BlackTeam "Nienberge II"]
[WhiteTeamCountry "GER"]
[BlackTeamCountry "GER"]

1. e4 c5 2. Nf3 Nc6 3. d4 cxd4 4. Nxd4 e5 5. Nb5 d6 6. N1c3 a6 7. Na3 Be6 8. Nd5 Nf6 9. Bg5 Bxd5 10. Bxf6 Qa5+ 11. c3 Bxe4 12. Bg5 b5 13. f3 Bf5 14. Bd3 Bxd3 15. Qxd3 h6 16. Be3 Be7 17. O-O O-O 18. Qd2 Qd8 19. Rad1 Qd7 20. Nc2 f5 21. Qd5+ Kh8 22. Rd2 Rad8 23. Rfd1 Bg5 24. Bxg5 hxg5 25. Qxd6 Qa7+ 26. Kf1 Rxd6 27. Rxd6 Rf6 28. Rd7 Qc5 29. R1d5 Qc4+ 30. Kf2 Qxa2 31. Rd2 Qxb2 32. R7d3 Qb3 33. Ne3 Qe6 34. Nd5 e4 35. Nc7 Qe5 36. Rd7 e3+ 37. Ke2 exd2+ 38. Kxd2 Rd6+ 0-1

[Event "Muensterland Verbandsliga 2526"]
[Site "Germany"]
[Date "2026.05.16"]
[Round "9"]
[Board "4"]
[White "Van de Vyle, Jan"]
[Black "Beckmann, Frank"]
[Result "1/2-1/2"]
[WhiteElo "1792"]
[BlackElo "1745"]
[WhiteFideId "-1"]
[BlackFideId "-1"]
[PlyCount "35"]
[GameId "2317645567640142"]
[EventDate "2025.??.??"]
[EventType "team-tourn"]
[EventRounds "9"]
[EventCountry "GER"]
[SourceTitle "Verband Muensterland"]
[SourceDate "2025.11.13"]
[SourceVersion "1"]
[SourceVersionDate "2025.11.13"]
[SourceQuality "1"]
[WhiteTeam "Nienberge II"]
[BlackTeam "Beelen"]
[WhiteTeamCountry "GER"]
[BlackTeamCountry "GER"]

1. e4 e6 2. d4 d5 3. Nc3 Nf6 4. Bg5 Be7 5. e5 Nfd7 6. Bxe7 Qxe7 7. f4 a6 8. Nf3 c5 9. Bd3 Nc6 10. dxc5 Nxc5 11. O-O Nxd3 12. Qxd3 Qb4 13. f5 exf5 14. Nxd5 Qc5+ 15. Kh1 Ne7 16. Nf4 h6 17. Rad1 Nc6 18. Rfe1 1/2-1/2

[Event "Muensterland Verbandsliga 2526"]
[Site "Germany"]
[Date "2026.05.16"]
[Round "9"]
[Board "5"]
[White "Gaebler, Marcel"]
[Black "Haas, Kai"]
[Result "0-1"]
[WhiteElo "1726"]
[BlackElo "1900"]
[WhiteFideId "-1"]
[BlackFideId "-1"]
[PlyCount "100"]
[GameId "2317645567640144"]
[EventDate "2025.??.??"]
[EventType "team-tourn"]
[EventRounds "9"]
[EventCountry "GER"]
[SourceTitle "Verband Muensterland"]
[SourceDate "2025.11.13"]
[SourceVersion "1"]
[SourceVersionDate "2025.11.13"]
[SourceQuality "1"]
[WhiteTeam "Beelen"]
[BlackTeam "Nienberge II"]
[WhiteTeamCountry "GER"]
[BlackTeamCountry "GER"]

1. d4 d6 2. c4 g6 3. Nc3 Bg7 4. Nf3 Nd7 5. e3 e5 6. Bd3 Ngf6 7. O-O O-O 8. b4 a5 9. b5 Re8 10. dxe5 dxe5 11. e4 Nc5 12. Bc2 Bg4 13. Be3 Qxd1 14. Rfxd1 Ne6 15. Nd5 Bxf3 16. gxf3 Rad8 17. Ba4 Rc8 18. Rab1 Kh8 19. b6 c6 20. Nxf6 Bxf6 21. Rd7 Re7 22. Rbd1 Rce8 23. Rxe7 Rxe7 24. Rd6 Kg7 25. Bb3 Nf8 26. Bd2 Rd7 27. Rxd7 Nxd7 28. Bxa5 Bd8 29. Kg2 Bxb6 30. Bxb6 Nxb6 31. Kg3 g5 32. h4 Kg6 33. hxg5 Kxg5 34. a3 c5 35. Kh3 Nd7 36. Bc2 Nf6 37. Bd1 Nh5 38. Bc2 Nf4+ 39. Kg3 Ne2+ 40. Kg2 Kf4 41. Ba4 Nd4 42. Be8 f6 43. Bh5 Nb3 44. Bf7 Nd2 45. a4 b6 46. Bd5 Nxf3 47. Bc6 Nd2 48. Bd5 Nxe4 49. f3 Ng5 50. Kf2 h5 0-1

[Event "Muensterland Verbandsliga 2526"]
[Site "Germany"]
[Date "2026.05.16"]
[Round "9"]
[Board "6"]
[White "Nuerenberg, Bernd"]
[Black "Hofene, Markus"]
[Result "1/2-1/2"]
[WhiteElo "1731"]
[BlackElo "1659"]
[WhiteFideId "-1"]
[BlackFideId "-1"]
[PlyCount "30"]
[GameId "2317645567640146"]
[EventDate "2025.??.??"]
[EventType "team-tourn"]
[EventRounds "9"]
[EventCountry "GER"]
[SourceTitle "Verband Muensterland"]
[SourceDate "2025.11.13"]
[SourceVersion "1"]
[SourceVersionDate "2025.11.13"]
[SourceQuality "1"]
[WhiteTeam "Nienberge II"]
[BlackTeam "Beelen"]
[WhiteTeamCountry "GER"]
[BlackTeamCountry "GER"]

1. d4 Nf6 2. c4 e6 3. Nf3 d5 4. Nc3 c6 5. cxd5 exd5 6. Bg5 Be7 7. e3 O-O 8. Bd3 Nbd7 9. O-O Re8 10. Rc1 Nf8 11. h3 Ng6 12. Bxg6 hxg6 13. Qb3 Qb6 14. Qxb6 axb6 15. a3 Bf5 1/2-1/2

[Event "Muensterland Verbandsliga 2526"]
[Site "Germany"]
[Date "2026.05.16"]
[Round "9"]
[Board "7"]
[White "Ruhe, Johannes"]
[Black "Nguyen, Alexander"]
[Result "1/2-1/2"]
[WhiteElo "1810"]
[BlackElo "1629"]
[WhiteFideId "-1"]
[BlackFideId "-1"]
[PlyCount "70"]
[GameId "2317645567640148"]
[EventDate "2025.??.??"]
[EventType "team-tourn"]
[EventRounds "9"]
[EventCountry "GER"]
[SourceTitle "Verband Muensterland"]
[SourceDate "2025.11.13"]
[SourceVersion "1"]
[SourceVersionDate "2025.11.13"]
[SourceQuality "1"]
[WhiteTeam "Beelen"]
[BlackTeam "Nienberge II"]
[WhiteTeamCountry "GER"]
[BlackTeamCountry "GER"]

1. e4 e6 2. d4 d5 3. Nc3 Bb4 4. e5 c5 5. a3 Bxc3+ 6. bxc3 Ne7 7. Nf3 b6 8. Bb5+ Bd7 9. a4 Bxb5 10. axb5 O-O 11. Ba3 Nd7 12. O-O Qc7 13. Qd3 Rac8 14. Ra2 Rfe8 15. Rfa1 Ra8 16. Ng5 Ng6 17. Bc1 f6 18. exf6 Nxf6 19. Qg3 Qd7 20. dxc5 Qxb5 21. cxb6 Qxb6 22. Be3 Qb7 23. h4 a6 24. Qd6 Qc8 25. h5 Nxh5 26. Nxh7 Qxc3 27. Ng5 Qe5 28. Qxe5 Nxe5 29. Rxa6 Rac8 30. R1a2 Nc6 31. c3 Nf6 32. f3 e5 33. R2a4 Kf8 34. Rh4 Kg8 35. Rha4 Kf8 1/2-1/2

[Event "Muensterland Verbandsliga 2526"]
[Site "Germany"]
[Date "2026.05.16"]
[Round "9"]
[Board "8"]
[White "Hirschmueller, Bennet"]
[Black "Dulski, Maddox"]
[Result "1-0"]
[WhiteElo "1715"]
[BlackElo "1646"]
[WhiteFideId "-1"]
[BlackFideId "-1"]
[PlyCount "47"]
[GameId "2317645567697494"]
[EventDate "2025.??.??"]
[EventType "team-tourn"]
[EventRounds "9"]
[EventCountry "GER"]
[SourceTitle "Verband Muensterland"]
[SourceDate "2025.11.13"]
[SourceVersion "1"]
[SourceVersionDate "2025.11.13"]
[SourceQuality "1"]
[WhiteTeam "Nienberge II"]
[BlackTeam "Beelen"]
[WhiteTeamCountry "GER"]
[BlackTeamCountry "GER"]

1. e4 c5 2. Nc3 e6 3. Nf3 Nc6 4. d4 cxd4 5. Nxd4 Nf6 6. Nxc6 bxc6 7. e5 Nd5 8. Ne4 Qc7 9. f4 Be7 10. c4 Bb4+ 11. Kf2 Nb6 12. c5 Nd5 13. a3 Bxc5+ 14. Nxc5 Qb6 15. Qd4 f6 16. Bc4 fxe5 17. fxe5 O-O+ 18. Ke1 d6 19. exd6 Rf5 20. g4 Rf6 21. Bxd5 exd5 22. Be3 Rxd6 23. Qe5 Rg6 24. Qe8# 1-0